Sining ng komunikasyon sa kolehiyo : (Record no. 293448)
[ view plain ]
| 000 -LEADER | |
|---|---|
| fixed length control field | 00680nam a2200253Ia 4500 |
| 003 - CONTROL NUMBER IDENTIFIER | |
| control field | SMC |
| 005 - DATE AND TIME OF LATEST TRANSACTION | |
| control field | 20170201103740.0 |
| 008 - FIXED-LENGTH DATA ELEMENTS--GENERAL INFORMATION | |
| fixed length control field | 160418s9999 xx 000 0 und d |
| 020 ## - INTERNATIONAL STANDARD BOOK NUMBER | |
| International Standard Book Number | 971-725-083-1 |
| 050 ## - LIBRARY OF CONGRESS CALL NUMBER | |
| Classification number | FIL PL 6051 |
| 050 ## - LIBRARY OF CONGRESS CALL NUMBER | |
| Item number | .U45 2003 c.2 |
| 100 ## - MAIN ENTRY--PERSONAL NAME | |
| Personal name | Ulit, Perla G. |
| 245 ## - TITLE STATEMENT | |
| Title | Sining ng komunikasyon sa kolehiyo : |
| 245 ## - TITLE STATEMENT | |
| Remainder of title | Filipino I / |
| 245 ## - TITLE STATEMENT | |
| Statement of responsibility, etc | Perla G. Ulit. |
| 260 ## - PUBLICATION, DISTRIBUTION, ETC. (IMPRINT) | |
| Place of publication, distribution, etc | Makati City: |
| 260 ## - PUBLICATION, DISTRIBUTION, ETC. (IMPRINT) | |
| Name of publisher, distributor, etc | Grandwater Pub., |
| 260 ## - PUBLICATION, DISTRIBUTION, ETC. (IMPRINT) | |
| Date of publication, distribution, etc | 2003 |
| 300 ## - PHYSICAL DESCRIPTION | |
| Extent | 360 pages : |
| 300 ## - PHYSICAL DESCRIPTION | |
| Dimensions | 21 cm. |
| 650 ## - SUBJECT ADDED ENTRY--TOPICAL TERM | |
| Topical term or geographic name as entry element | Filipino language -- Study and teaching (Higher). |
| 650 ## - SUBJECT ADDED ENTRY--TOPICAL TERM | |
| General subdivision | Communication -- Study and teaching -- Philippines. |
| 942 ## - ADDED ENTRY ELEMENTS (KOHA) | |
| Source of classification or shelving scheme | Library of Congress Classification |
| Koha item type | Books |
| Withdrawn status | Lost status | Source of classification or shelving scheme | Damaged status | Home library | Current library | Shelving location | Date acquired | Source of acquisition | Cost, normal purchase price | Total Checkouts | Full call number | Barcode | Date last seen | Koha item type |
|---|---|---|---|---|---|---|---|---|---|---|---|---|---|---|
| Library of Congress Classification | South Mansfield College | South Mansfield College | Filipiniana Section | 03/07/2005 | Library Fund | 198.00 | FIL PL 6051 .U45 2003 c.2 | SMC00352 | 04/18/2016 | Books |